000 00501nam a2200181Ia 4500
001 18797
005 20260306171657.0
008 260306s9999||||xx |||||||||||||| ||und||
041 _aESP
082 _a658.5
_bI61
100 _aInternational Conference on Management of Technology
_eAUT
245 0 _aManagement of technology:
_bnew directions in technology management
260 _c2007
300 _axii, 488 páginas :
_c23 cm.
650 _aGEN
654 _aCAN
942 _cLIB
_dJUS
_fJUS
_2ddc
_n
999 _c18797
_d18797